000 01778nam a22003737c 4500
001 60616
003 CO-BoRNBP
005 20260225160404.0
007 ta
008 241108s2024 ck ao||gr|||| 001 0dspa d
020 _a9786289647013
040 _aCO-BoRNBP
_bspa
_erda
_cCO-BoRNBP
041 0 _aspa
043 _as-ck---
082 0 4 _223
_a384.55
_bC17s
100 1 0 _aCastro Caycedo, Gustavo,
_eaut
_91304
245 1 0 _a70 años de la televisión en Colombia :
_b1954-2024 /
_cGustavo Castro Caycedo... [y otros catorce] ; paratextos Morris Rincón, Hollman Felipe.
246 3 3 _aSetenta años de la televisión en Colombia
250 _aPrimera edición
264 1 _aBogotá, Colombia :
_bRTVC - Sistema de Medios Públicos,
_c2024
300 _a271 páginas :
_bilustraciones, fotografías en color y en blanco y negro,
336 _2rdacontent
_atexto
_btxt
337 _2rdamedia
_asin mediación
_bn
338 _2rdacarrier
_avolumen
_bnc
500 _aIncluye datos biográficos del autor
504 _aIncluye referencias bibliográficas e índice de imágenes
505 1 _tCuando llegó la televisión
_tLa televisión: a imagen y semejanza de un país
_tColombia en la era de la televisión digital
_tMemoria histórica y percepción pública sobre el pasado
_tLa televisión regional en Colombia
_tLa privatización de la televisión en Colombia
_tHistoria del rating en Colombia
_tLa historia de las historias de la televisión colombiana
521 _aRecomendado para un público adulto
650 1 7 _aMedios de Comunicacion de Masas
_zColombia
_2lemb
_965864
650 1 7 _aProgramas de televisión
_zColombia
_2lemb
_965865
650 1 7 _aTelevisión
_xHistoria
_zColombia
_2lemb
_965866
700 1 0 _aMorris Rincón, Hollman Felipe
_965867
942 _2loc
_cBK
_n0
999 _c60616
_d60616